000 00430cam a2200181 4500
001 D3674
008 090401t xxu||||| |||| 00| 0 eng d
035 _a(Sirsi) u74410
041 _aeng
050 _a333.335
245 _aFarm rents in England and Wales. 1969-1972
260 _aLondon
_bMinistry of Agriculture
300 _a30cm
350 _a0
490 _aADAS Technical Report
_v19
942 _n0
948 _c04/03/1997
999 _c95841
_d95841